Obálka Náhled e-knihy:
PDF Epub
Pro půjčování e-knih musíte být přihlášeni.
Jak si půjčit online?

Král závisti /

Vuk Markovic má moc, peníze a pověst muže, který nikdy neprohrává. Může mít všechno, až na ženu, po které zatoužil jako první: snoubenku svého nejlepšího přítele. Ayana Kidane je supermodelka se zdánlivě dokonalým životem. Nikdo však netuší, že plánovaná svatba je jen výhodný obchod, který má být je...

Celý popis

Uloženo v:
Série:Králové hříchu, část 5
Hlavní autor: Huang, Ana (Autor)
Médium: E-kniha
Jazyk:Czech
Vydáno: Praha : Albatros Media a.s., 2026
Příbuzné jednotky:Z cyklu:: Králové hříchu
Tagy:
Žádné tagy
LEADER 01595nam a22002417i 4500
001 302228
007 ta
008 260510s2026 xr ||||| |||| 00| 0 cze d
020 |a 9788026928867 
044 |a xr 
100 1 |a  Huang, Ana  |4 aut 
245 1 0 |a Král závisti /  |c  Huang, Ana 
240 1 0 |a King of Envy 
264 1 |a Praha :  |b Albatros Media a.s.,  |c 2026 
300 |a 1 online zdroj (576 stran) 
336 |a text  |b txt  |2 rdacontent 
337 |a bez média  |b n  |2 rdamedia 
338 |a online zdroj  |b cr  |2 rdacarrier 
520 2 |a Vuk Markovic má moc, peníze a pověst muže, který nikdy neprohrává. Může mít všechno, až na ženu, po které zatoužil jako první: snoubenku svého nejlepšího přítele. Ayana Kidane je supermodelka se zdánlivě dokonalým životem. Nikdo však netuší, že plánovaná svatba je jen výhodný obchod, který má být její cestou ke svobodě. Předstírat lásku je snadné, dokud nezačne toužit po zakázaném ovoci. City, které mezi ní a Vukem vzplanou, jsou až příliš nebezpečné. A mezi loajalitou a posedlostí vede tenká hranice. 
787 0 8 |g 5  |i Z cyklu:  |t Králové hříchu 
910 |a RBIT002 
998 |d 426837  |a https://core.palmknihy.cz/api/books/426837/cover?teqlsp  |b https://core.palmknihy.cz/api/books/426837/cover/400?teqlsp  |c https://core.palmknihy.cz/api/books/426837/cover/50?teqlsp  |e 2032-06-09  |g 576  |i 9788026928867  |j https://core.palmknihy.cz/api/books/426837/preview.epub  |k https://core.palmknihy.cz/api/books/426837/preview.pdf  |l   |q 49  |r 1  |s https://www.palmknihy.cz/kniha/426837  |t ebook  |y 2026  |z 1  |v Králové hříchu  |w 5 
999 |d 302226